[Event "ch-UZB Major 2012"]
[Site "Tashkent UZB"]
[Date "2012.05.25"]
[Round "9"]
[White "Kvon,A"]
[Black "Barsov,A"]
[Result "1/2-1/2"]
[WhiteElo "2499"]
[BlackElo "2538"]

1.c4 e6 2.Nf3 d5 3.g3 dxc4 4.Qa4+ Nd7 5.Qxc4 c5 6.Bg2 b6 7.Nd4 Ne5 8.Nc6 Nxc4
9.Nxd8 Rb8 10.Nc6 Rb7 11.Nc3 f6 12.d3 Nd6 13.d4 Rc7 14.dxc5 bxc5 15.Na4 Ba6
16.Bd2 Ne7  1/2-1/2

[Event "Campeonato Individual Madrid 2012"]
[Site "Madrid ESP"]
[Date "2012.05.31"]
[Round "1.1"]
[White "Candela Perez,J"]
[Black "Ramirez Garcia,J"]
[Result "1/2-1/2"]
[WhiteElo "2402"]
[BlackElo "2234"]

1.c4 e6 2.Nf3 d5 3.d4 Nf6 4.Nc3 Bb4 5.Qa4+ Nc6 6.cxd5 exd5 7.Bg5 h6 8.Bxf6 Qxf6
9.e3 O-O 10.Be2 Be6 11.O-O a6 12.Qb3 Bd6 13.Ne1 Ne7 14.Bf3 c6 15.Nd3 Rfd8
16.Na4 Rab8 17.Nac5 Bf5 18.Be2 Ng6  1/2-1/2

[Event "Campeonato Individual Madrid 2012"]
[Site "Madrid ESP"]
[Date "2012.05.31"]
[Round "1.1"]
[White "Almagro Llamas,P"]
[Black "Barez Menendez,H"]
[Result "1/2-1/2"]
[WhiteElo "2454"]
[BlackElo "2164"]

1.c4 e6 2.Nf3 d5 3.d4 Nf6 4.Nc3 Nbd7 5.Bf4 dxc4 6.e4 Bb4 7.Qc2 b5 8.a4 Bb7
9.e5 Bxf3 10.gxf3 Nd5 11.Bd2 a6 12.Rg1 g6 13.Bg5 Qb8 14.Bd2 c5 15.Nxd5 Bxd2+
16.Qxd2 exd5 17.f4 cxd4 18.Qxd4  1/2-1/2

[Event "Victory Day 2012"]
[Site "Moscow RUS"]
[Date "2012.06.04"]
[Round "4.3"]
[White "Belous,V"]
[Black "Bagirov,R"]
[Result "1-0"]
[WhiteElo "2518"]
[BlackElo "2461"]

1.c4 e6 2.Nf3 d5 3.g3 Nf6 4.Bg2 dxc4 5.O-O c6 6.a4 a5 7.Na3 Bxa3 8.bxa3 O-O
9.Qc2 Qd6 10.Qxc4 e5 11.Bb2 Nbd7 12.d3 h6 13.Nd2 Re8 14.Qc2 Nb6 15.Rab1 Bg4
16.Rfe1 Nbd7 17.Ba1 Rab8 18.Qc3 Qc7 19.Nc4 b6 20.h3 Bh5 21.e4 Nh7 22.d4 f6
23.dxe5 fxe5 24.f4 Re7 25.Ne3 Nc5 26.Nf5 Re6 27.Bf1 Bf7 28.Bc4 Rbe8 29.Bxe6 Rxe6
30.Rbd1 Nf6 31.Qd2 Nfxe4 32.Qd8+ Qxd8 33.Rxd8+ Kh7 34.Bxe5 Bg6 35.Nd4 Re8
36.Rxe8 Bxe8 37.Bc7  1-0

[Event "4th Rheinland-Pfalz Open 2012"]
[Site "Altenkirchen GER"]
[Date "2012.06.09"]
[Round "5.4"]
[White "Sumets,A"]
[Black "Heimann,An"]
[Result "1/2-1/2"]
[WhiteElo "2599"]
[BlackElo "2487"]

1.Nf3 e6 2.c4 d5 3.d4 c5 4.cxd5 exd5 5.Bg5 Be7 6.Bxe7 Nxe7 7.dxc5 Qa5+ 8.Nbd2 Qxc5
9.e3 Nbc6 10.Nb3 Qd6 11.Be2 O-O 12.O-O Rd8 13.Nfd4 Bf5 14.Rc1 Qb4 15.Qe1 Qb6
16.Qc3 Nxd4 17.Nxd4 Be6 18.Rfd1 Rac8 19.Qa3 Nc6 20.Nxc6 Rxc6 21.Qe7 Rdc8
22.Rxc6 bxc6 23.b4 a5 24.a3 axb4 25.axb4 Rb8 26.Rd4 h6 27.h4 Rc8 28.Bg4 c5
29.bxc5 Qxc5  1/2-1/2

[Event "OKU Open GpA 2012"]
[Site "Utrecht NED"]
[Date "2012.06.09"]
[Round "4.12"]
[White "Abcouwer,J"]
[Black "Van der Pluijm,Dik"]
[Result "1-0"]
[WhiteElo "2213"]
[BlackElo "1860"]

1.c4 e6 2.Nf3 d5 3.e3 c6 4.Nc3 f5 5.b3 Nf6 6.Be2 Bd6 7.Qc2 O-O 8.a4 Na6 9.Ba3 Nb4
10.Qb2 a5 11.d4 b6 12.Ne5 Bxe5 13.dxe5 Ng4 14.O-O d4 15.exd4 Qxd4 16.Bxg4 fxg4
17.Ne2 Qxb2 18.Bxb2 Nd3 19.Bc3 Nc5 20.Nd4 Bd7 21.Rad1 Rf7 22.Rfe1 h5 23.Bb2 Raf8
24.Re2 Kh7 25.Ba3 h4 26.Bxc5 bxc5 27.Nc2 Kg6 28.Ne1 g3 29.hxg3 hxg3 30.Nd3 gxf2+
31.Rxf2 Bc8 32.Rxf7 Rxf7 33.Nxc5 Kf5 34.Rf1+ Kg6 35.Rxf7 Kxf7 36.Ne4 Kg6
37.g4  1-0

[Event "5th Mayors Cup 2012"]
[Site "Mumbai IND"]
[Date "2012.06.12"]
[Round "8.13"]
[White "Czebe,A"]
[Black "Das,Say"]
[Result "1-0"]
[WhiteElo "2475"]
[BlackElo "2251"]

1.c4 e6 2.Nf3 d5 3.g3 Nf6 4.Bg2 Be7 5.O-O O-O 6.b3 a5 7.Bb2 c6 8.d4 Nbd7
9.Nc3 b6 10.Qc2 Ba6 11.Nd2 Rc8 12.e4 b5 13.Rfe1 bxc4 14.bxc4 c5 15.exd5 cxd4
16.Ne2 e5 17.Nc1 Bb4 18.Nd3 Bxd2 19.Qxd2 Re8 20.f4 Bxc4 21.Nxe5 Nxe5 22.Rxe5 Rxe5
23.fxe5 Nxd5 24.Bh3 Rb8 25.Qxd4 Qb6 26.Qxb6 Nxb6 27.Ba3 Be6 28.Bxe6 fxe6
29.Rb1 Nd7 30.Rxb8+ Nxb8 31.Kf2 Nc6 32.Bd6 Kf7 33.Ke3 Kg6 34.Kd3 Kf5 35.Kc4 Nxe5+
36.Kb5 Ke4 37.Bf8 g5 38.Kxa5 Kd5 39.Kb5 g4 40.a4 Nc6 41.a5 e5 42.a6 Nd4+
43.Kb6 Nc6 44.Bc5 e4 45.Kb5 h5  1-0

[Event "65th ch-RUS HL"]
[Site "Tyumen RUS"]
[Date "2012.06.20"]
[Round "5"]
[White "Sergeev,Ve"]
[Black "Mokshanov,A"]
[Result "1/2-1/2"]
[WhiteElo "2397"]
[BlackElo "2429"]

1.c4 e6 2.Nf3 d5 3.g3 Nf6 4.Bg2 Be7 5.O-O O-O 6.b3 c5 7.Bb2 Nc6 8.e3 b6 9.d3 Bb7
10.a3 Qc7 11.Nc3 Rfd8 12.Rc1 Rac8 13.Qc2 Qb8 14.Rfd1 Qa8 15.cxd5 Nxd5 16.Ne4 Na5
17.Ba1 Nf6 18.Nxf6+ Bxf6 19.Bxf6 gxf6 20.Ne1 Bxg2 21.Nxg2 Nc6 22.f4 Ne7 23.Qb2 f5
24.Qf6 Rd7 25.Qg5+ Kh8 26.Qf6+ Kg8 27.Qg5+ Kh8 28.Qf6+ Kg8 29.Qg5+ Kh8 30.Qf6+  1/2-1/2

[Event "16th Voronezh Master Open"]
[Site "Voronezh RUS"]
[Date "2012.06.20"]
[Round "8.3"]
[White "Yemelin,V"]
[Black "Geller,J"]
[Result "1/2-1/2"]
[WhiteElo "2568"]
[BlackElo "2538"]

1.c4 e6 2.Nf3 d5 3.b3 Nf6 4.g3 c5 5.Bg2 Nc6 6.O-O d4 7.d3 Be7 8.Na3 O-O 9.e4 e5
10.Nc2 Ne8 11.Nd2 a6 12.f4 f5 13.Qe2 exf4 14.gxf4 fxe4 15.Nxe4 Nf6 16.Bd2 Bf5
17.b4 cxb4 18.Rfb1 a5 19.a3 Re8 20.Nxf6+ Bxf6 21.Qf3 Qe7 22.Re1 Qd6 23.axb4 Nxb4
24.Nxb4 axb4 25.Rxa8 Rxa8 26.Qxb7 Rb8 27.Bxb4 Qd8 28.Qd5+ Qxd5 29.Bxd5+ Kh8
30.Bd6 Rd8 31.Bc7 Rc8 32.Bb7 Rf8 33.Be4 g6 34.Bd6 Rd8 35.c5 Kg7 36.Ra1 Rd7
37.Bc6 Rf7 38.Ra3 Be7 39.Be5+ Bf6 40.Bxf6+ Kxf6 41.Bb5 Rc7 42.c6 Ke6 43.Ra8 Kd6
44.Kf2 Kc5 45.Rb8 Rc8 46.Rb7 Ra8 47.c7 Kd6 48.Bc4 Ra5 49.c8=N+ Bxc8 50.Rxh7 Bf5
51.Rh8 Ke7 52.Rh7+ Kd6 53.Rh8 Ke7 54.h4 Ra3 55.Ke2 Ra1 56.Rh7+ Kd6 57.Rh8 Ke7
58.Rh7+ Kd6 59.Rb7 Rh1 60.Rb5 Rxh4 61.Rd5+ Kc6 62.Rxd4 g5 63.Ke3 gxf4+ 64.Rxf4 Rxf4
65.Kxf4 Bxd3 66.Bxd3  1/2-1/2

[Event "20th Montcada Open"]
[Site "Montcada i Reixac ESP"]
[Date "2012.06.26"]
[Round "2.3"]
[White "Palit,S"]
[Black "Burmakin,V"]
[Result "0-1"]
[WhiteElo "2393"]
[BlackElo "2586"]

1.c4 e6 2.Nf3 d5 3.e3 Nf6 4.b3 Be7 5.Bb2 b6 6.Be2 Bb7 7.Nc3 O-O 8.O-O dxc4
9.Bxc4 c5 10.d4 cxd4 11.Nxd4 a6 12.Qe2 b5 13.Bd3 Nbd7 14.Rac1 Nc5 15.Bb1 Qb6
16.Rfd1 Rfc8 17.e4 b4 18.Na4 Nxa4 19.bxa4 Qa5 20.e5 Nd5 21.Qh5 g6 22.Qg4 Rxc1
23.Rxc1 Nc3 24.Bxc3 bxc3 25.Be4 Qxa4 26.Bxb7 Rd8 27.g3 Rxd4 28.Qf3 c2 29.Kg2 Rd1
30.Bc6 Qc4  0-1

[Event "40th TCh-GRE 2012"]
[Site "Achaea GRE"]
[Date "2012.06.30"]
[Round "1.1"]
[White "Grigoriadis,A"]
[Black "Halkias,S"]
[Result "0-1"]
[WhiteElo "2293"]
[BlackElo "2570"]

1.c4 e6 2.Nf3 d5 3.d4 Nf6 4.g3 Bb4+ 5.Bd2 Bd6 6.Bg2 c6 7.Qc2 Nbd7 8.O-O O-O
9.Bf4 Bxf4 10.gxf4 b6 11.Ne5 Bb7 12.cxd5 Nxd5 13.Nxc6 Qh4 14.Ne5 Nxe5 15.dxe5 Rac8
16.Qb3 Qxf4 17.Qg3 Qh6 18.e3 Ba6 19.Rd1 f5 20.Bxd5 f4 21.exf4 exd5 22.Nc3 Bb7
23.Nb5 Rxf4 24.Nd6 Rcf8 25.Nxb7 Rf3 26.Qg4 Rxf2 27.h3 Qe3 28.Kh1 Qxe5  0-1

[Event "NIKI Open 2012"]
[Site "Nachod CZE"]
[Date "2012.06.30"]
[Round "1.24"]
[White "Groh,Jiri1"]
[Black "Kolibik,J"]
[Result "1/2-1/2"]
[WhiteElo "2054"]
[BlackElo "1679"]

1.c4 e6 2.Nf3 d5 3.d4 c6 4.Bg5 Nf6 5.e3 Bb4+ 6.Nfd2 Nbd7 7.Bd3 dxc4 8.Bxc4 Qa5
9.Bxf6 Nxf6 10.O-O O-O 11.Nb3 Qd8 12.Nc3 b6 13.Qe2 Bb7 14.Ba6 Qc8 15.Bxb7 Qxb7
16.Rac1 Bxc3 17.Rxc3 Rac8 18.Rfc1 Rc7 19.e4 Rfc8 20.Rh3 c5 21.e5 Nd7 22.dxc5 Nxc5
23.Nxc5 Rxc5 24.Rd1 Rc1 25.Rd3 Rxd1+ 26.Qxd1 g6 27.Rd8+ Rxd8 28.Qxd8+ Kg7
29.h4 h5 30.Qf6+ Kg8 31.Qd8+ Kg7 32.Qf6+ Kg8  1/2-1/2

[Event "1st CT Casino Marina del Sol"]
[Site "Talcahuano CHI"]
[Date "2012.07.01"]
[Round "7.5"]
[White "Farfan Ortiz,E"]
[Black "Estay Torreblanca,O"]
[Result "1-0"]
[WhiteElo "2236"]
[BlackElo "2214"]

1.c4 e6 2.Nf3 d5 3.g3 Nf6 4.Bg2 Bd6 5.Nc3 O-O 6.O-O c6 7.b3 Nbd7 8.Bb2 Qe7
9.Rc1 Ba3 10.Bxa3 Qxa3 11.Qc2 Qd6 12.d4 Re8 13.Rfd1 Qb4 14.Nd2 Nb6 15.a3 Qe7
16.c5 Nbd7 17.e4 e5 18.dxe5 Nxe5 19.exd5 Qxc5 20.b4 Qb6 21.dxc6 Bg4 22.cxb7 Rad8
23.Rf1 Nd3 24.Nc4 Qd4 25.Nb5 Qd7 26.Ncd6 Nxc1 27.Rxc1 Rf8 28.Qc6 a6 29.Qxa6 Be2
30.h3 Rb8 31.Qc6 Qe6 32.Qc7 Qe5 33.Qxb8 Bxb5 34.Qxf8+  1-0

[Event "7th Wroclaw Open A"]
[Site "Wroclaw POL"]
[Date "2012.07.02"]
[Round "1.11"]
[White "Paszewski,M"]
[Black "Stachowiak,K"]
[Result "0-1"]
[WhiteElo "2028"]
[BlackElo "2419"]

1.c4 e6 2.Nf3 d5 3.b3 Nf6 4.g3 b6 5.Bg2 Bb7 6.O-O Bd6 7.Bb2 Nbd7 8.d3 O-O
9.Nbd2 Qe7 10.Qc2 Rfe8 11.Rfe1 Rad8 12.cxd5 Nxd5 13.a3 e5 14.Nc4 c5 15.Rad1 Bc7
16.e3 b5 17.Ncd2 Rc8 18.Qb1 Ba5 19.Qa1 g6 20.Re2 f6 21.Ne4 a6 22.Nc3 Qe6
23.Nd2 Nxc3 24.Bxc3 Bxg2 25.Kxg2 Qd5+ 26.Nf3 Bxc3 27.Qxc3 Nf8 28.e4 Qd6 29.a4 Ne6
30.Qa5 b4  0-1

[Event "2nd Polugaevsky Mem"]
[Site "Samara RUS"]
[Date "2012.07.07"]
[Round "3.6"]
[White "Iliushkin,E"]
[Black "Frolyanov,D"]
[Result "0-1"]
[WhiteElo "2264"]
[BlackElo "2564"]

1.c4 e6 2.Nf3 d5 3.e3 Nf6 4.d4 Be7 5.Nbd2 O-O 6.Bd3 b6 7.O-O Bb7 8.b3 c5
9.Bb2 cxd4 10.exd4 Nc6 11.Rc1 dxc4 12.bxc4 Rc8 13.Qe2 Re8 14.Rfd1 Bf8 15.Ne4 Nb4
16.Nxf6+ Qxf6 17.Be4 Qe7 18.Bb1 g6 19.a3 Nc6 20.c5 Bg7 21.cxb6 axb6 22.Qb5 Na7
23.Qe2 Nc6 24.Be4 Red8 25.Bxc6 Rxc6 26.Rxc6 Bxc6 27.Ne5 Bb7 28.Qe3 Qh4 29.g3 Qh3
30.f3 Bxe5 31.Qxe5 Bxf3 32.Rd2 Bd5 33.Rf2 Rf8 34.Qf4 Qh5 35.g4 Qh3 36.Qg3 Qxg3+
37.hxg3 g5 38.Bc1 h6 39.Rb2 Rc8 40.Bd2 Rc4 41.Rxb6 Rxd4 42.Bb4 Rxg4 43.Kf2 Rc4
44.a4 Kg7 45.a5 Kg6 46.a6 Rc2+ 47.Ke3 Ra2 48.Bc5 Kf5 49.Rd6 Kg4 50.a7 Kxg3
51.Rd7 f5 52.Rh7 f4+ 53.Kd3 f3 54.Rxh6 f2  0-1

[Event "2nd Polugaevsky Mem"]
[Site "Samara RUS"]
[Date "2012.07.07"]
[Round "3.34"]
[White "Artamonov,V"]
[Black "Bobrov,Vitaly"]
[Result "1-0"]
[WhiteElo "2211"]
[BlackElo "1925"]

1.c4 e6 2.Nf3 d5 3.g3 Nf6 4.Bg2 c6 5.b3 Nbd7 6.O-O Bd6 7.Nc3 O-O 8.e3 Re8
9.d4 a6 10.Bb2 b5 11.Rc1 Bb7 12.Qe2 Rc8 13.Rfd1 Qe7 14.Nh4 Ba3 15.Bxa3 Qxa3
16.c5 Qa5 17.f4 Qc7 18.g4 Nf8 19.g5 N6d7 20.Qg4 Ng6 21.Nf3 Ne7 22.e4 dxe4
23.Nxe4 Nf5 24.Rd3 Nf8 25.Ne5 Ng6 26.Ng3 Nge7 27.Be4 g6 28.Qf3 Red8 29.Rcd1 Kg7
30.Ng4 Ng8 31.Qf2 h5 32.Bxf5 exf5 33.Nf6 Nxf6 34.gxf6+ Kh6 35.Re1 Re8 36.Rde3 Qd7
37.Re7 Rxe7 38.Rxe7 Qd8 39.Rxb7 Qxf6 40.Qe3 Rd8 41.Qe5 Qxe5 42.dxe5 h4 43.Ne2 Rf8
44.Rc7 f6 45.e6 Re8 46.Nd4  1-0

[Event "86th ch-ARG 2012"]
[Site "La Plata ARG"]
[Date "2012.07.08"]
[Round "6.7"]
[White "Filgueira,H"]
[Black "Slipak,S"]
[Result "1/2-1/2"]
[WhiteElo "2308"]
[BlackElo "2444"]

1.c4 e6 2.Nf3 d5 3.g3 dxc4 4.Qa4+ Nd7 5.Qxc4 a6 6.Bg2 b5 7.Qc2 Bb7 8.O-O c5
9.b3 Ngf6 10.Bb2 Be7 11.d3 O-O 12.Nbd2 Rc8 13.Rac1 Qb6 14.Qb1 Rc7 15.Qa1 Bc6
16.Qb1 Rcc8 17.e3 Bb7  1/2-1/2

[Event "119th ch-SCO 2012"]
[Site "Glasgow SCO"]
[Date "2012.07.09"]
[Round "3.3"]
[White "Ruck,R1"]
[Black "O'Molloy,Eamonn"]
[Result "1-0"]
[WhiteElo "2569"]
[BlackElo "1904"]

1.c4 e6 2.Nf3 d5 3.g3 Nf6 4.Bg2 c6 5.b3 Nbd7 6.O-O Be7 7.d4 O-O 8.Qc2 b6
9.Nbd2 Bb7 10.e4 Rc8 11.Bb2 Qc7 12.Rfe1 Qb8 13.Rad1 Qa8 14.Re2 a5 15.Ng5 h6
16.Nh3 Ba6 17.Nf4 Bb7 18.h4 Rfd8 19.Qb1 Bf8 20.e5 Ne8 21.Nf1 Nc7 22.Ne3 Be7
23.Red2 a4 24.Bc3 a3 25.Kh2 Nf8 26.Qd3 Na6 27.Qe2 Nb8 28.Qg4 Nbd7 29.Nh5 Ng6
30.f4 Ndf8 31.f5 exf5 32.Nxf5 Rc7 33.Nhxg7 Bc8 34.Qh5 Bxf5 35.Nxf5 Qc8 36.Nxh6+  1-0

[Event "Werner-Ott-Open 2012"]
[Site "Berlin GER"]
[Date "2012.07.12"]
[Round "6.15"]
[White "Hoffmann,Ra"]
[Black "Solhjou,Mohammed Hassan"]
[Result "1-0"]
[WhiteElo "2116"]
[BlackElo "1972"]

1.Nf3 e6 2.c4 d5 3.d4 Nf6 4.Nc3 Be7 5.g3 Nbd7 6.Bg2 O-O 7.O-O dxc4 8.Qc2 a6
9.Rd1 Rb8 10.Ne5 Nxe5 11.dxe5 Nd7 12.f4 Qe8 13.Ne4 b5 14.Be3 f5 15.exf6 Nxf6
16.Ba7 Rb7 17.Nxf6+ Bxf6 18.Bc5 Rb8 19.Bxf8 Qxf8 20.e4 Qc5+ 21.Kh1 Bd4 22.Qd2 Bf6
23.Qe2 e5 24.Rd5 Qe7 25.Rad1 Be6 26.fxe5 Bg5 27.R5d4 g6 28.h4 Bh6 29.Kh2 Bg7
30.Bh3 Bxh3 31.Kxh3 Bxe5 32.Rd5 Rf8 33.Qg4 Qf6 34.h5 Bd6 35.Rf5 Qg7 36.Rxf8+ Kxf8
37.Rf1+ Ke7 38.Qg5+ Kd7 39.Rf6 Qe7 40.Qg4+ Kc6 41.Re6 Qf7 42.e5 Qf1+ 43.Kh4 Qh1+
44.Kg5 gxh5 45.Qf5 Qc1+ 46.Kxh5 Qh1+ 47.Kg5 Qc1+ 48.Qf4 Qe1 49.Kf6 Qb1 50.exd6 Qg6+
51.Ke7 Qg7+ 52.Qf7 Qg5+ 53.Qf6 Qc5 54.Qf3+ Kb6 55.Qe3 Qxe3 56.Rxe3 cxd6 57.Kxd6  1-0

[Event "Turkish Bank Chess League 2012"]
[Site "Konya TUR"]
[Date "2012.07.12"]
[Round "2"]
[White "Guramishvili,S"]
[Black "Citak,S"]
[Result "1-0"]
[WhiteElo "2400"]
[BlackElo "2357"]

1.c4 e6 2.Nf3 d5 3.g3 Nf6 4.d4 c5 5.cxd5 exd5 6.Bg2 Nc6 7.O-O Be7 8.b3 O-O
9.Bb2 Bg4 10.Ne5 cxd4 11.Nxg4 Nxg4 12.e3 Nh6 13.exd4 Nf5 14.Nc3 Bf6 15.Nxd5 Bxd4
16.Bxd4 Nfxd4 17.Qg4 f5 18.Qd1 Re8 19.Qd3 Rc8 20.Rad1 Kh8 21.b4 b5 22.Rfe1 Qd6
23.a3 Re5 24.Ne3 Rd8 25.Nxf5 Nxf5 26.Qxd6 Rxe1+ 27.Rxe1 Nxd6 28.Bxc6 Rc8
29.Bd7 Rd8 30.Re7 a6 31.Be6 g6 32.Ra7 Ne4 33.Rxa6 Rd1+ 34.Kg2 Rd2 35.Kg1 Rd1+
36.Kg2 Rd2 37.Kf3 Nxf2 38.Rb6 Nd1 39.Rxb5 Rxh2 40.Rb7 Rf2+ 41.Kg4 Rf6 42.Re7 Nf2+
43.Kh4 h6 44.b5 Ne4 45.b6 Nc5 46.a4 g5+ 47.Kh5 g4 48.a5 Nxe6 49.b7  1-0

[Event "86th ch-ARG 2012"]
[Site "La Plata ARG"]
[Date "2012.07.12"]
[Round "11.1"]
[White "Ricardi,P"]
[Black "Lorenzini,M"]
[Result "1-0"]
[WhiteElo "2500"]
[BlackElo "2466"]

1.c4 e6 2.Nf3 d5 3.b3 Nf6 4.g3 Nbd7 5.Bg2 c6 6.Bb2 Bd6 7.d4 Ne4 8.O-O O-O
9.Nbd2 f5 10.Ne5 Nxe5 11.dxe5 Bc5 12.Nxe4 dxe4 13.Qxd8 Rxd8 14.Rfd1 Rxd1+
15.Rxd1 Be7 16.f3 exf3 17.exf3 a5 18.a4 Kf7 19.f4 Ra7 20.Kf2 c5 21.Ke3 b6
22.Bc6 Rc7 23.Bb5 Bb7 24.Rd6 Bxd6 25.exd6 Rc6 26.Be5 g6 27.Bxc6 Bxc6 28.d7 Ke7
29.Bc7 Kxd7 30.Bxb6 Kd6 31.Bxa5 e5 32.Bc3 e4 33.Be1 Bd7 34.Bf2 Kc6 35.Kd2 Be6
36.Be3 Bc8 37.a5 Ba6 38.Ke2 Bc8 39.Kf2 Ba6 40.Kg2 Bc8 41.Kg1 Ba6 42.Kf2 Bc8
43.Kg2 Kd6 44.Kh3 Kc6 45.Kh4 h6 46.h3 Kd6 47.g4 Kc6 48.g5 h5 49.Kg3 Kb7 50.Bxc5 Ka6
51.Bb6 e3 52.Kf3 h4 53.Kxe3 Bb7 54.Ke2 Bg2 55.b4 Bxh3 56.b5+ Kb7 57.Bg1 Bg2
58.Kd3 Bf1+ 59.Kd4 h3 60.a6+ Kc7 61.Kc5 Be2 62.Kb4 Bf1 63.c5 Be2 64.c6 Kb8
65.Kc5 Bf1 66.Kb6 Bg2 67.Bh2 Bf3 68.a7+ Ka8 69.Kc7 Bg2 70.Bg3 h2 71.Bxh2 Bf3
72.Kd8  1-0

[Event "5th Int ch-Central Serbia 2012"]
[Site "Paracin SRB"]
[Date "2012.07.13"]
[Round "9.37"]
[White "Tisma,I"]
[Black "Jovanovic,Boj2"]
[Result "1/2-1/2"]
[WhiteElo "2134"]
[BlackElo "2185"]

1.Nf3 e6 2.c4 d5 3.d4 c6 4.Qc2 Nf6 5.g3 Nbd7 6.Bg2 Bd6 7.O-O O-O 8.b3 Qe7
9.Nc3 Rd8 10.Rd1 h6 11.e4 dxe4 12.Nxe4 Nxe4 13.Qxe4 Nf6 14.Qc2 Bd7 15.Ne5 Be8
16.Bb2 c5 17.dxc5 Bxc5 18.Rxd8 Rxd8 19.Rd1 b6 20.h3 Qc7 21.Rd3 Rd6 22.Qc3 Rxd3
23.Qxd3 Qd6 24.Kf1 Nd7 25.Qxd6 Bxd6 26.Nc6 a5 27.Ke2 Nc5 28.Bc3 Na6 29.Nd4 Bd7
30.h4 e5 31.Nc2 Bf5 32.Kd2 f6 33.Ne3 Bb1 34.Kc1 Bg6 35.Bd5+ Kf8 36.Bf3 Nb4
37.h5 Bh7 38.Bxb4 Bxb4 39.g4 Ba3+ 40.Kd2 Bb1 41.Bc6 Bc5 42.Nd1 Bb4+ 43.Kc1 Bd3
44.f3 f5 45.Nf2 Ba3+ 46.Kd2 Bb1 47.gxf5 Bxf5 48.Ng4 Bb4+ 49.Kc1 Ba3+ 50.Kd2 Bb4+
51.Kc1 Bd6 52.Be4 Be6 53.Bg6 Bf7 54.Bxf7 Kxf7 55.Kd2 Ke6 56.Nf2 Bc5 57.Ne4 Bd4
58.Ke2 Kf5 59.Kf1 g6 60.hxg6 Kxg6 61.Kg2 Kf5 62.Kg3 Be3 63.Nd6+ Ke6 64.Ne4 Kf5
65.Nd6+ Ke6 66.Ne4  1/2-1/2

[Event "2nd Polugaevsky Mem"]
[Site "Samara RUS"]
[Date "2012.07.13"]
[Round "9.13"]
[White "Artamonov,V"]
[Black "Geller,J"]
[Result "0-1"]
[WhiteElo "2211"]
[BlackElo "2555"]

1.c4 e6 2.Nf3 d5 3.b3 Nf6 4.g3 c5 5.Bg2 Nc6 6.O-O Be7 7.d3 O-O 8.Bb2 d4 9.e4 e5
10.Na3 Ne8 11.Nd2 Nd6 12.Nc2 a6 13.a3 b5 14.Rb1 Rb8 15.f4 bxc4 16.bxc4 Bd7
17.Qh5 f5 18.exf5 Rxf5 19.Bd5+ Kh8 20.Qf3 exf4 21.gxf4 Ne5 22.fxe5 Rxf3 23.Nxf3 Ne8
24.Rf2 Nc7 25.Nce1 Bf5 26.Bf7 Be6 27.Bxe6 Nxe6 28.Ng2 Rb3 29.Rd1 Qe8 30.Kh1 Qg6
31.Nfe1 h6 32.Bc1 Rb1 33.Nf3 Bg5 34.Nxg5 Qxg5 35.Rc2 Qxe5 36.Re1 Qf5 37.Rce2 Ng5
38.Rd1 Qf3 39.Ree1 Nh3 40.Rd2 Kh7 41.Rde2 Rxc1  0-1

[Event "ch-SUI Hauptturnier 1 2012"]
[Site "Flims SUI"]
[Date "2012.07.15"]
[Round "4"]
[White "Simon,Ra"]
[Black "Moor,O"]
[Result "0-1"]
[WhiteElo "2148"]
[BlackElo "2371"]

1.c4 e6 2.Nf3 d5 3.e3 Nf6 4.b3 b6 5.Bb2 Bb7 6.Nc3 Nbd7 7.Rc1 a5 8.cxd5 exd5
9.Ne2 g6 10.d3 Bb4+ 11.Bc3 Bxc3+ 12.Nxc3 c5 13.d4 O-O 14.Be2 Rc8 15.dxc5 bxc5
16.O-O Qe7 17.Rc2 Rfd8 18.Na4 Nf8 19.Qc1 Ne6 20.Qa3 Ne4 21.Rfc1 Qf6 22.Bd3 d4
23.exd4 Nxd4 24.Nxd4 Qxd4 25.Bf1 Nd2 26.Qb2 Qf4 27.Nxc5 Nf3+ 28.gxf3 Qg5+
29.Bg2 Bxf3  0-1

[Event "ch-PHI Grand Final 2012"]
[Site "Boracay PHI"]
[Date "2012.07.16"]
[Round "3.2"]
[White "Barcenilla,R"]
[Black "Sadorra,J"]
[Result "1/2-1/2"]
[WhiteElo "2501"]
[BlackElo "2525"]

1.c4 e6 2.Nf3 d5 3.g3 Nf6 4.Bg2 c5 5.cxd5 exd5 6.d4 Nc6 7.O-O Be7 8.Nc3 O-O
9.dxc5 Bxc5 10.Bg5 d4 11.Bxf6 Qxf6 12.Ne4 Qe7 13.Nxc5 Qxc5 14.Rc1 Qb6 15.Qd2 Be6
16.b3 h6 17.Rfd1 Rad8 18.Qb2 Rd7 19.Rd2 Rfd8 20.Rcd1 a5 21.Ne1 Na7 22.Nf3 Nb5
23.Ne5 Rd6 24.Nc4 Bxc4 25.bxc4 Nc3 26.Qxb6 Rxb6 27.Re1 Rb4 28.e3 d3 29.Bd5 Nxd5
30.Rxd3 Rxc4 31.Red1 Rc5 32.e4 b5 33.exd5 Rd6 34.a3 Kf8 35.Kg2 Ke7 36.f4 Kd7
37.Kf3 f5 38.h3 Kc7 39.g4 g6 40.R1d2 Kb6 41.Re2 Rcxd5 42.Rxd5 Rxd5 43.Re6+ Kc5
44.Rxg6 Rd3+ 45.Ke2 Rxa3 46.gxf5 Rxh3 47.Ra6 Rh5 48.f6 Rd5 49.Ke3 a4 50.Ke4 Rd8
51.Kf5 h5 52.Kg5 Rh8 53.f7 h4 54.f5 h3 55.Rh6 Rf8 56.Kg6 a3 57.Rxh3 b4 58.Kg7 Rxf7+
59.Kxf7 a2 60.Rh1 b3 61.f6 b2 62.Kg8 b1=Q 63.Rxb1 axb1=Q 64.f7 Qg6+ 65.Kh8 Qxf7  1/2-1/2

[Event "XXI TCh-MKD 2012"]
[Site "Struga MKD"]
[Date "2012.07.16"]
[Round "1.1"]
[White "Kiroski,T"]
[Black "Milosiev,T"]
[Result "1-0"]
[WhiteElo "2340"]
[BlackElo "2216"]

1.c4 e6 2.Nf3 d5 3.e3 Nf6 4.d4 Be7 5.Nc3 O-O 6.Bd3 dxc4 7.Bxc4 c5 8.O-O Nc6
9.a3 b6 10.dxc5 Bxc5 11.b4 Be7 12.Qe2 a6 13.Rd1 Qc7 14.Bb2 Bb7 15.Rac1 b5
16.Bd3 Rfd8 17.Ne4 Nxe4 18.Bxe4 Rxd1+ 19.Qxd1 Qb6 20.Qc2 h6 21.Bxc6 Rc8 22.Ne5 Bd6
23.Qe4 f5 24.Qd4 Qxd4 25.exd4 Bxe5 26.Bxb7  1-0

[Event "35th Taminco Open"]
[Site "Ghent BEL"]
[Date "2012.07.17"]
[Round "8.10"]
[White "Blom,Yeb"]
[Black "Decoster,F"]
[Result "1/2-1/2"]
[WhiteElo "2145"]
[BlackElo "2305"]

1.c4 e6 2.Nf3 d5 3.e3 c5 4.b3 Nc6 5.Bb2 Nf6 6.d4 a6 7.Nbd2 Be7 8.Bd3 O-O
9.O-O Nb4 10.Bb1 cxd4 11.Bxd4 dxc4 12.bxc4 Nc6 13.Bc3 Qc7 14.a3 e5 15.Qc2 Bg4
16.Ng5 g6 17.f4 Nd7 18.h3 Bf5 19.e4 Be6 20.Nxh7 Kxh7 21.f5 f6 22.fxe6 Nc5
23.Qd1 Nxe6 24.Qg4 Ned4 25.Ra2 Qc8 26.Qh4+ Kg7 27.Nf3 Nxf3+ 28.Rxf3 Qd7 29.Rd2 Bc5+
30.Kh1 Nd4 31.g4 Qe6 32.Bxd4 Bxd4 33.Ba2 Qc6 34.Qe1 Qc5 35.Qb1 b6 36.Qf1 Rad8
37.h4 Qc6 38.Bb1 Qe6 39.Rg2 Bc5 40.h5 g5 41.Kh2 Rd4 42.Rc3 Rfd8 43.Bd3 R8d6
44.Rg3 Qd7 45.Kh3 Qe6 46.Kh2 Qd7 47.Kh3 Qe6 48.Kh2 Qd7 49.Kh3  1/2-1/2

[Event "ch-SUI Hauptturnier 1 2012"]
[Site "Flims SUI"]
[Date "2012.07.18"]
[Round "7"]
[White "Jurek,J"]
[Black "Grandadam,P"]
[Result "1/2-1/2"]
[WhiteElo "2328"]
[BlackElo "2215"]

1.c4 e6 2.Nf3 d5 3.d4 Nf6 4.g3 dxc4 5.Bg2 Nc6 6.Qa4 Bb4+ 7.Bd2 Nd5 8.Qb5 Bxd2+
9.Nbxd2 c3 10.bxc3 Nxc3 11.Qd3 Nd5 12.O-O O-O 13.e4 Nb6 14.Rfd1 Qe7 15.Rac1 Rd8
16.Nb3 Qa3 17.Qe3 a5 18.Qf4 Qd6 19.Qe3 Qa3 20.Qf4 Qd6 21.Qe3  1/2-1/2

[Event "7th Nana Aleksandria Cup"]
[Site "Poti GEO"]
[Date "2012.07.18"]
[Round "6.6"]
[White "Javakhadze,Z"]
[Black "Chighladze,I"]
[Result "1-0"]
[WhiteElo "2415"]
[BlackElo "2358"]

1.c4 e6 2.Nf3 d5 3.e3 Nf6 4.b3 c5 5.Bb2 Nc6 6.cxd5 exd5 7.Bb5 Bg4 8.h3 Bh5
9.g4 Bg6 10.Ne5 Qc7 11.Bxc6+ bxc6 12.d3 Bd6 13.Nxg6 hxg6 14.Nd2 a5 15.Kf1 O-O
16.a4 Nd7 17.h4 Be5 18.d4 cxd4 19.exd4 Bf4 20.Nf3 Rab8 21.Rh3 Qb6 22.Ng5 Rfe8
23.Qf3 Bxg5 24.hxg5 f6 25.Kg2 fxg5 26.Rh8+ Kxh8 27.Qf7 Nf6 28.Rh1+ Nh7 29.Qxg6 Kg8
30.Rxh7 Qc7 31.Qh5  1-0

[Event "23rd Czech Open Rapid"]
[Site "Pardubice CZE"]
[Date "2012.07.19"]
[Round "6.12"]
[White "Sipos,I"]
[Black "Hess,Ro"]
[Result "1/2-1/2"]
[WhiteElo "2463"]
[BlackElo "2639"]

1.c4 e6 2.Nf3 d5 3.g3 Nf6 4.Bg2 Be7 5.O-O O-O 6.d4 dxc4 7.Qc2 b5 8.a4 b4
9.Nfd2 Nd5 10.Nxc4 Nc6 11.Rd1 Ba6 12.b3 Rb8 13.Bb2 Qd7 14.e4 Bxc4 15.bxc4 b3
16.Qe2 Ndb4 17.d5 exd5 18.cxd5 Na5 19.Na3 Rfe8 20.e5 Bf8 21.f4 Nb7 22.Nb5 a6
23.Nd4 Nxd5 24.Nxb3 c6 25.Bd4 Qe6 26.Rab1 Bb4 27.Qxa6 Red8 28.Bf2 Nc3 29.Rxd8+ Nxd8
30.Nd4 Qa2 31.Rf1 Qxa4 32.Qxa4 Nxa4 33.Nxc6 Nxc6 34.Bxc6 Nc3 35.Ra1 h5 36.Kg2 Rd8
37.Ra8 Rxa8 38.Bxa8 Nb5 39.Bd5 Nc7 40.Bc4 Kf8 41.Kf3 Ke7 42.Ke4 Ne6 43.h3 Bd2
44.Be3 Bxe3 45.Kxe3 Nf8 46.f5 Nd7 47.Bxf7 Nxe5 48.Bxh5 Kf6 49.Ke4 Nc4 50.Kf4 Ne5
51.Be2 g6 52.fxg6 Nxg6+ 53.Ke4 Kg5 54.Bg4 Kf6 55.Bh5 Nh4 56.Kf4 Ng2+ 57.Kf3 Nh4+
58.Kg4 Nf5  1/2-1/2

[Event "23rd Czech Open A"]
[Site "Pardubice CZE"]
[Date "2012.07.20"]
[Round "1.53"]
[White "Vokac,M"]
[Black "Litwak,A"]
[Result "1-0"]
[WhiteElo "2479"]
[BlackElo "2237"]

1.c4 e6 2.Nf3 d5 3.g3 Nf6 4.Bg2 c5 5.cxd5 exd5 6.d4 Nc6 7.O-O Be7 8.Nc3 O-O
9.Bg5 c4 10.Ne5 Be6 11.Nxc6 bxc6 12.b3 Qa5 13.Na4 Rac8 14.bxc4 dxc4 15.Bxf6 gxf6
16.Qc2 Rfd8 17.Rfd1 Kg7 18.e3 Bb4 19.Nb2 Bf5 20.e4 Bg4 21.Nxc4 Bxd1 22.Rxd1 Qh5
23.Ne3 c5 24.Nf5+ Kh8 25.d5 c4 26.Rd4 Bd6 27.Rxc4 Rxc4 28.Qxc4 Qd1+ 29.Bf1 Qb1
30.Nxd6 Rxd6 31.Qc7 Qb6 32.Qxf7 Rd8 33.Bd3 Qd4 34.e5 Qxd3 35.Qxf6+ Kg8 36.Qxd8+ Kg7
37.Qf6+ Kg8 38.Qe6+ Kf8 39.h4 Qb1+ 40.Kg2 Qxa2 41.Qf5+  1-0

[Event "45th Biel Masters Open"]
[Site "Biel SUI"]
[Date "2012.07.24"]
[Round "2"]
[White "Raetsky,A"]
[Black "Grachev,B"]
[Result "0-1"]
[WhiteElo "2449"]
[BlackElo "2674"]

1.c4 e6 2.Nf3 d5 3.g3 dxc4 4.Bg2 a6 5.O-O Nf6 6.a4 Nc6 7.a5 Bd7 8.Qc2 Nb4
9.Qd1 Bb5 10.Nc3 Nbd5 11.d4 Bb4 12.Qc2 Be7 13.Rd1 O-O 14.Ne5 c5 15.dxc5 Qc7
16.Bf4 g5 17.Nxd5 exd5 18.Ng6 gxf4 19.Nxf8 fxg3 20.hxg3 Bxf8 21.Qf5 Bg7 22.Bxd5 Bd7
23.Qg5 h6 24.Qh4 Nxd5 25.Rxd5 Be6 26.Rd6 Qxc5 27.Rad1 Qxa5  0-1